Biblioteka Instytutu Północnego w Olsztynie

Widok standardowy Widok MARC

Pozycja Corporate Name

Liczba rekordów, w których użyto hasła: 1

001 - Numer kontrolny

  • control field: 39639

003 - Identyfikator numeru kontrolnego

  • control field: NUKAT

005 - Data i czas ostatniej modyfikacji

  • control field: 20260408122355.0

008 - Dane kontrolne kodowane (40 znaków)

  • fixed length control field: 190628n||a|znnaabn |a ana |c

010 ## - Numer kontrolny Biblioteki Kongresu

  • numer kontrolny LC: n 2019048457

024 7# - OTHER STANDARD IDENTIFIER

  • Standard number or code: 314910699
  • Source of number or code: viaf

040 ## - Instytucja sporządzająca rekord

  • inst. przygot. dane do rek. khw: KAT U/AW
  • język haseł przedmiotowych/tezaurus: kaba
  • inst. wprow. rek. khw: KAT U/AW

110 2# - Hasło - nazwa ciała zbiorowego

  • nazwa ciała zbior. lub geogr. na pocz.: Rok 1989 - Mechanizmy Transformacji Ustrojowej.

410 2# - Trop zob. - nazwa ciała zbiorowego

  • nazwa ciała zbior. lub geogr. na pocz.: Centralny Projekt Badawczy IPN Rok 1989 - Mechanizmy Transformacji Ustrojowej.

410 2# - Trop zob. - nazwa ciała zbiorowego

  • nazwa ciała zbior. lub geogr. na pocz.: Centralny Projekt Badawczy Instytutu Pamięci Narodowej Rok 1989 - Mechanizmy Transformacji Ustrojowej.

665 ## - Nota historyczna

  • nota historyczna: Projekt dotyczy aspektów transformacji ustrojowej, zajmie się szczegółową analizą procesów takich jak: uwłaszczenie nomenklatury, "transfer" części urzędników aparatu władzy i funkcjonariuszy różnych służb do "prywatnego" biznesu, powstawanie nowych form własności gospodarczej (m.in. tzw. firm polonijnych) oraz ich relacje z otoczeniem państwa socjalistycznego (MO, SB, aparat sprawiedliwości, inni biznesmeni, nomenklatura partyjna), zaangażowanie struktur wojskowego i cywilnego aparatu bezpieczeństwa w trybie "prywatyzacji państwa policyjnego" lub "brudnych wspólnot" dla celów pozastatutowych, prywatnych, quasi-przestępczych lub przestępczych, tworzenie się zorganizowanych struktur przestępczych typu mafijnego, spontaniczne i podmiotowe próby przekształceń instytucji-filarów władzy komunistycznej (PZPR i MSW) w nowych realiach politycznych. Koordynator jest dr Daniel Wicenty – OBBH w Gdańsku.

670 ## - Źródło informacji

  • źródło informacji: Koniec imperium MSW / Tomasz Kozłowski. - Warszawa, 2019.

670 ## - Źródło informacji

  • źródło informacji: Instytut Pamięci Narodowej, 28.06.2019
  • adres internetowy: https://ipn.gov.pl/pl/nauka/badania-naukowe/24330,Centralne-Projekty-Badawcze-IPN.html
Biblioteka Instytutu Północnego, ul. Partyzantów 87, 10-402 Olsztyn, email: biblioteka(at)ip.olsztyn.pl